000 00902nas a2200301 4500
001 BR9201017
003 BR-BrBNA
005 20231205092334.0
007 ta
008 230509b bl.|||p| |||| 00| 00por d
040 _aBR-BrBNA
_bpor
_cBiblioteca Nacional de Agricultura
041 _a(Pt)
072 _aP35
100 1 _aSilva Junior, M.C. da
100 1 _aBarros, N.F. de
100 1 _aPinheiro, A.L.
245 1 _aConcentracao de nutrientes e efeito sobre a fertilidade do solo de tres especies florestais na regiao de Vicosa, M.G.
650 _aSOLO
650 _aFERTILIDADE DO SOLO
650 _aNUTRIENTE
650 _aNPK
650 _aANALISE DO SOLO
650 _aESSENCIA FLORESTAL
650 _aMINAS GERAIS
773 0 _tBrasil Florestal (Brazil)
_x
_g(Oct-Dec 1987), v. 19(62) p. 43-48
_wBR9201017
909 _a202311
_bLúcia
_c55
_dLúcia Elande
942 _2AGRIS
_n0
_cANA
999 _c131042
_d131042